[Event "Elitserien(Farsta-Rockaden)"]
[Site "?"]
[Date "2005.??.??"]
[Round "6"]
[White "Hjelm, Niclas"]
[Black "Wessman, Richard"]
[Result "1/2-1/2"]
[WhiteElo "2391"]
[BlackElo "2500"]
[PlyCount "66"]

1. d4 d5 2. Nf3 c6 3. Bf4 Nf6 4. e3 Bg4 5. Nbd2 e6 6. Be2 Be7 7. Ne5 Bxe2 8.
Qxe2 Nbd7 9. O-O Nxe5 10. Bxe5 O-O 11. c4 Bd6 12. Bxd6 Qxd6 13. Rac1 Rad8 14.
Nf3 Rfe8 15. Rfd1 h6 16. Qc2 Re7 17. h3 a6 18. a3 Nd7 19. Qc3 Ree8 20. Rd2 Qe7
21. Qb3 Rb8 22. Rdc2 dxc4 23. Qxc4 e5 24. Nxe5 Nxe5 25. dxe5 Qxe5 26. Rd2 Re7
27. b4 Rbe8 28. Rcd1 Qf5 29. Rd8 Rxd8 30. Rxd8+ Kh7 31. Qd4 Qb1+ 32. Kh2 Qf5
33. Kg1 Qb1+ 1/2-1/2

[Event "Elitserien(Farsta-Rockaden)"]
[Site "?"]
[Date "2005.??.??"]
[Round "6"]
[White "Olsson, Anders"]
[Black "Jaderberg, Bjorn"]
[Result "1-0"]
[WhiteElo "2501"]
[BlackElo "2291"]
[PlyCount "39"]

1. e4 d5 2. exd5 Qxd5 3. Nc3 Qd6 4. d4 Nf6 5. Bc4 c6 6. Nge2 Bg4 7. f3 Bf5 8.
Bf4 Qb4 9. Bb3 e6 10. g4 Bg6 11. h4 h6 12. Bd2 Qd6 13. Nf4 Bh7 14. Qe2 Be7 15.
O-O-O Nd5 16. Nh5 Nxc3 17. Bxc3 Bf6 18. f4 Bg6 19. Nxf6+ gxf6 20. f5 1-0

[Event "Elitserien(Farsta-Rockaden)"]
[Site "?"]
[Date "2005.??.??"]
[Round "6"]
[White "Lamm, Steffen"]
[Black "Bator, Robert"]
[Result "0-1"]
[WhiteElo "2213"]
[BlackElo "2470"]
[PlyCount "80"]

1. e4 c5 2. Nc3 Nc6 3. f4 g6 4. Nf3 Bg7 5. Bb5 Nd4 6. Nxd4 cxd4 7. Ne2 Nf6 8.
e5 Nd5 9. c4 Nb4 10. d3 a6 11. Ba4 b5 12. Bb3 d6 13. a3 Nc6 14. cxb5 axb5 15.
exd6 Qxd6 16. O-O e6 17. Ng3 f5 18. Bd2 O-O 19. Re1 Bd7 20. Rc1 Rfc8 21. Qf3
Kh8 22. Nf1 h6 23. h3 Kh7 24. Nh2 Re8 25. Rc2 b4 26. axb4 Nxb4 27. Rcc1 Rab8
28. Bc4 Bc6 29. Bxb4 Rxb4 30. Qf2 e5 31. fxe5 Bxe5 32. Nf1 Rb7 33. Rc2 Rbe7 34.
Ra1 Bb7 35. Bb5 Rb8 36. Bc4 Bf4 37. Kh1 Be3 38. Qh4 Bg5 39. Qf2 Qf6 40. b3 Be3
0-1

[Event "Elitserien(Farsta-Rockaden)"]
[Site "?"]
[Date "2005.??.??"]
[Round "6"]
[White "Hedman, Erik"]
[Black "Wieweg, Johnny"]
[Result "1-0"]
[WhiteElo "2459"]
[BlackElo "2125"]
[PlyCount "81"]

1. e4 e5 2. Nf3 Nc6 3. Bb5 Nd4 4. Nxd4 exd4 5. O-O Bc5 6. Bc4 Qh4 7. Qf3 Nh6 8.
d3 O-O 9. Nd2 Ng4 10. Qg3 Qxg3 11. hxg3 d6 12. Nf3 Be6 13. Bb3 Bxb3 14. axb3 f5
15. exf5 Rxf5 16. Re1 d5 17. Bf4 c6 18. Re6 Rf6 19. Re2 h6 20. Rae1 g5 21. Be5
Nxe5 22. Nxe5 Bb4 23. Ng4 Rg6 24. Re6 Kh7 25. Rxg6 Kxg6 26. Re6+ Kf7 27. Rxh6
Kg7 28. Re6 Rf8 29. Kf1 Bd2 30. Ne5 Be3 31. f3 Bc1 32. Rg6+ Kh7 33. Rd6 Rg8 34.
Ng4 Rg6 35. Rd7+ Rg7 36. Nf6+ Kg6 37. Rxg7+ Kxg7 38. Ne8+ Kg6 39. Nd6 Bxb2 40.
Nxb7 Ba3 41. Nd8 1-0

[Event "Elitserien(Farsta-Rockaden)"]
[Site "?"]
[Date "2005.??.??"]
[Round "6"]
[White "Brontz, Alexander"]
[Black "Bjork, Carl-Magnus"]
[Result "0-1"]
[WhiteElo "2111"]
[BlackElo "2471"]
[PlyCount "50"]

1. d4 Nf6 2. c4 e6 3. Nc3 Bb4 4. Qc2 Nc6 5. Nf3 d6 6. Bd2 O-O 7. e4 e5 8. d5
Nd4 9. Qd3 Re8 10. h3 c5 11. g4 a6 12. Bg2 b5 13. cxb5 axb5 14. O-O c4 15. Qb1
h5 16. gxh5 Nxf3+ 17. Bxf3 Bxh3 18. Rd1 Ng4 19. Bxg4 Bxg4 20. Kg2 Qf6 21. f4
exf4 22. Rf1 f3+ 23. Kg3 Bxh5 24. Be3 Qg6+ 25. Kf2 Qg2+ 0-1

[Event "Elitserien(Wasa-Passanten)"]
[Site "?"]
[Date "2005.??.??"]
[Round "6"]
[White "Larsson, Per"]
[Black "Webb, Simon"]
[Result "1/2-1/2"]
[WhiteElo "2341"]
[BlackElo "2391"]
[PlyCount "39"]

1. Nf3 Nf6 2. c4 e6 3. g3 d5 4. Bg2 Be7 5. O-O O-O 6. d4 dxc4 7. Qc2 a6 8. Qxc4
b5 9. Qc2 Bb7 10. Bd2 Nbd7 11. Ba5 Rc8 12. Rd1 Nb8 13. a3 Qe8 14. Bc3 c5 15.
dxc5 Bxc5 16. b4 Bb6 17. Qb2 Qe7 18. e3 Nbd7 19. Nbd2 Rfd8 20. Rac1 1/2-1/2

[Event "Elitserien(Wasa-Passanten)"]
[Site "?"]
[Date "2005.??.??"]
[Round "6"]
[White "von Bahr, Oskar"]
[Black "Sandstrom, Ludvig"]
[Result "1/2-1/2"]
[WhiteElo "2389"]
[BlackElo "2380"]
[PlyCount "118"]

1. e4 Nf6 2. e5 Nd5 3. d4 d6 4. Nf3 dxe5 5. Nxe5 g6 6. Bc4 c6 7. O-O Bg7 8. Re1
Nd7 9. Nxd7 Bxd7 10. Bg5 Be6 11. Bb3 Nc7 12. c3 O-O 13. Nd2 Re8 14. Ne4 Bxb3
15. axb3 Qd5 16. Qc2 Ne6 17. Be3 Red8 18. b4 a5 19. bxa5 Rxa5 20. b4 Raa8 21.
Nc5 Nxc5 22. bxc5 e5 23. Rxa8 Rxa8 24. Qb2 exd4 25. cxd4 Re8 26. Rb1 Re7 27.
Qc3 h6 28. h3 Kh7 29. Rb4 f5 30. Qb3 Qxb3 31. Rxb3 g5 32. g3 Kg6 33. Kg2 Rd7
34. Kf3 Bxd4 35. Rd3 g4+ 36. hxg4 fxg4+ 37. Kxg4 Bxe3 38. Rxd7 Bxc5 39. Rxb7
Bxf2 40. Rc7 c5 41. Rc6+ Kg7 42. Kf4 Bd4 43. Kf5 Kf7 44. Rc7+ Ke8 45. Ke6 Kf8
46. Kf5 Be3 47. Kg6 Ke8 48. Rf7 Kd8 49. Rf3 Bd4 50. Kxh6 Ke7 51. Kg6 Ke6 52.
Rf1 c4 53. Re1+ Kd5 54. Kf5 c3 55. Rd1 Kc4 56. Ke4 Bf2 57. g4 c2 58. Rc1 Kc3
59. g5 Bh4 1/2-1/2

[Event "Elitserien(Wasa-Passanten)"]
[Site "?"]
[Date "2005.??.??"]
[Round "6"]
[White "Sanden, Stefan"]
[Black "Hellborg, Teodor"]
[Result "0-1"]
[WhiteElo "2324"]
[BlackElo "2370"]
[PlyCount "82"]

1. e4 c5 2. Nf3 e6 3. d4 cxd4 4. Nxd4 Nf6 5. Nc3 Nc6 6. Bg5 Bb4 7. Ndb5 h6 8.
Bxf6 Qxf6 9. a3 Bc5 10. Qd2 O-O 11. f4 d5 12. e5 Qd8 13. b4 Be7 14. Nd4 f6 15.
exf6 Bxf6 16. Nf3 Bxc3 17. Qxc3 Rxf4 18. b5 Qa5 19. Kd2 Qxc3+ 20. Kxc3 Nd8 21.
Bd3 Bd7 22. Ne5 Rc8+ 23. Kb3 Be8 24. Rhf1 Rf6 25. Rae1 Kf8 26. c4 dxc4+ 27.
Bxc4 Rc5 28. a4 Ke7 29. Nd3 Rxf1 30. Rxf1 Rf5 31. Re1 Bd7 32. g3 g5 33. Ne5 Be8
34. Re2 h5 35. Kb4 Kd6 36. Nd3 Bd7 37. Nf2 b6 38. h4 gxh4 39. gxh4 Rf4 40. Ne4+
Ke7 41. Ng3 Nf7 0-1

[Event "Elitserien(Wasa-Passanten)"]
[Site "?"]
[Date "2005.??.??"]
[Round "6"]
[White "Loven, Anders"]
[Black "Collett, Peter"]
[Result "1/2-1/2"]
[WhiteElo "2155"]
[BlackElo "2261"]
[PlyCount "103"]

1. Nf3 Nf6 2. c4 c5 3. Nc3 Nc6 4. g3 e6 5. Bg2 Be7 6. O-O O-O 7. d4 cxd4 8.
Nxd4 Qb6 9. Nc2 Rd8 10. e4 Ne5 11. b3 d6 12. Be3 Qc7 13. h3 Bd7 14. f4 Ng6 15.
Qd2 Rac8 16. Nd4 a6 17. Rac1 Qb8 18. Qd3 Rf8 19. Qe2 Bd8 20. h4 e5 21. Nf3 Ng4
22. f5 Nxe3 23. Qxe3 b5 24. Nd5 Ne7 25. Nxe7+ Bxe7 26. cxb5 Bxb5 27. Rfd1 Rxc1
28. Rxc1 Rc8 29. Bf1 Rxc1 30. Qxc1 Qb6+ 31. Kg2 Bc6 32. Qc4 a5 33. Ng5 Be8 34.
Qc8 Qc6 35. Qxc6 Bxc6 36. Kf3 h6 37. Nh3 d5 38. Nf2 d4 39. Bc4 Kf8 40. Ke2 Ke8
41. Kd3 f6 42. Ba6 Bb4 43. Ke2 h5 44. Bd3 Ke7 45. Bc4 Bd6 46. Kf3 Be8 47. Nd3
g6 48. g4 hxg4+ 49. Kxg4 Bd7 50. h5 g5 51. h6 Kf8 52. Kf3 1/2-1/2

[Event "Elitserien(Wasa-Passanten)"]
[Site "?"]
[Date "2005.??.??"]
[Round "6"]
[White "Berkell, Peder"]
[Black "Ekelund, Peter"]
[Result "0-1"]
[WhiteElo "2242"]
[BlackElo "2112"]
[PlyCount "88"]

1. d4 e6 2. Nd2 c5 3. e3 b6 4. Ngf3 Bb7 5. Bd3 Nf6 6. O-O Be7 7. b3 Nc6 8. a3
Qc7 9. Bb2 O-O 10. c4 Rac8 11. Rc1 d6 12. Re1 Rfd8 13. Qe2 Qb8 14. h3 a6 15.
Nh2 cxd4 16. exd4 d5 17. c5 bxc5 18. dxc5 a5 19. Ng4 Nxg4 20. Qxg4 g6 21. Rxe6
fxe6 22. Bxg6 d4 23. Be4+ Kf8 24. Bxh7 Ke8 25. Re1 Ne5 26. Qh5+ Nf7 27. Bg8 Qf4
28. Nc4 Rxc5 29. Ne5 Rxe5 30. Rxe5 Kf8 31. Bxf7 Qxf7 32. Qh8+ Qg8 33. Qxg8+
Kxg8 34. Rxe6 d3 35. Bc3 Kf7 36. Rb6 Be4 37. Bd2 Bxa3 38. Bxa5 d2 39. Bxd2 Rxd2
40. b4 Rb2 41. g4 Rxb4 42. Rxb4 Bxb4 43. f4 Bd6 44. f5 Kf6 0-1

[Event "Elitserien(Wasa-Passanten)"]
[Site "?"]
[Date "2005.??.??"]
[Round "6"]
[White "Halhin, Lars-Ove"]
[Black "Hallerod, Ralph"]
[Result "0-1"]
[WhiteElo "2106"]
[BlackElo "2208"]
[PlyCount "60"]

1. d4 Nf6 2. c4 e6 3. Nc3 Bb4 4. Bd2 O-O 5. g3 Nc6 6. Nf3 d6 7. Bg2 Bxc3 8.
Bxc3 Ne4 9. Qc2 f5 10. O-O Nxc3 11. Qxc3 Qf6 12. b4 Bd7 13. Rac1 Ne7 14. Ne1
Bc6 15. Nf3 Be4 16. Rfd1 g5 17. Qe3 h6 18. Bf1 b6 19. Ne1 Bb7 20. Bh3 Kh7 21.
d5 e5 22. c5 Nxd5 23. Qb3 c6 24. Bg2 dxc5 25. bxc5 e4 26. f3 Rae8 27. Qa4 Re7
28. Qxa7 Ra8 29. cxb6 Rxa7 30. bxa7 Ba8 0-1

[Event "Elitserien(Wasa-Passanten)"]
[Site "?"]
[Date "2005.??.??"]
[Round "6"]
[White "Aurehl, Bo"]
[Black "Danielsson, Robert"]
[Result "1/2-1/2"]
[WhiteElo "2131"]
[BlackElo "2002"]
[PlyCount "73"]

1. e4 c5 2. Nc3 Nc6 3. g3 g6 4. Bg2 Bg7 5. d3 d6 6. f4 Qd7 7. Nf3 b6 8. Rb1 Bb7
9. Be3 O-O-O 10. d4 cxd4 11. Nxd4 f5 12. O-O Nf6 13. exf5 gxf5 14. Nxc6 Bxc6
15. Bxc6 Qxc6 16. Qf3 Qxf3 17. Rxf3 e6 18. a4 d5 19. Bd4 Rhg8 20. Nb5 Ne4 21.
Rd1 Bxd4+ 22. Nxd4 Rge8 23. a5 Kb7 24. Ra3 a6 25. axb6 Rd6 26. Kf1 Rxb6 27. Rb3
Rxb3 28. Nxb3 Rd8 29. Ke2 Rd6 30. Ke3 Kc7 31. Ra1 Rb6 32. Nd4 Kd6 33. b3 Nf6
34. Nf3 Ne4 35. Ne5 Ke7 36. Rg1 Nf6 37. Ra1 1/2-1/2

[Event "Elitserien(Sollentuna-SodraSASS)"]
[Site "?"]
[Date "2005.??.??"]
[Round "6"]
[White "Berg, Emanuel"]
[Black "Ornstein, Axel"]
[Result "1/2-1/2"]
[WhiteElo "2610"]
[BlackElo "2441"]
[PlyCount "79"]

1. e4 e5 2. Nf3 Nc6 3. Bb5 a6 4. Ba4 Nf6 5. O-O Be7 6. Re1 b5 7. Bb3 O-O 8. a4
Bb7 9. d3 d6 10. c3 Nd7 11. Bc2 Bf6 12. Na3 Ne7 13. Be3 c6 14. d4 Qc7 15. Qd2
Rad8 16. Rad1 d5 17. Bg5 dxe4 18. Bxe4 exd4 19. Bxh7+ Kxh7 20. Rxe7 Bxe7 21.
Bxe7 Ne5 22. Ng5+ Kg8 23. Bxf8 Ng4 24. Nf3 Kxf8 25. Qg5 Nf6 26. Rxd4 Rxd4 27.
cxd4 Qd6 28. Nc2 bxa4 29. Ne3 Qb4 30. Nf5 Ne8 31. Qh4 f6 32. Qh8+ Kf7 33. Qh5+
Kf8 34. Qh8+ Kf7 35. h3 Qxb2 36. Qh5+ Kf8 37. Qh8+ Kf7 38. Qh5+ Kf8 39. Qh8+
Kf7 40. Qh5+ 1/2-1/2

[Event "Elitserien(Sollentuna-SodraSASS)"]
[Site "?"]
[Date "2005.??.??"]
[Round "6"]
[White "Furhoff, Johan"]
[Black "Eriksson, Johan"]
[Result "0-1"]
[WhiteElo "2404"]
[BlackElo "2444"]
[PlyCount "60"]

1. e4 c5 2. Nf3 d6 3. d4 cxd4 4. Nxd4 Nf6 5. Nc3 a6 6. Bg5 e6 7. f4 Qb6 8. Nb3
Nbd7 9. Qf3 Qc7 10. O-O-O b5 11. Bd3 Bb7 12. Rhe1 Be7 13. g4 b4 14. Ne2 h6 15.
Bxf6 Bxf6 16. Ng3 g6 17. Kb1 a5 18. Bb5 a4 19. Nc5 Qxc5 20. Qd3 Be7 21. e5 d5
22. f5 gxf5 23. gxf5 O-O-O 24. Bxa4 Qc4 25. fxe6 fxe6 26. Qg6 Nc5 27. Bb3 Qf4
28. c3 bxc3 29. Rc1 Qg5 30. Qc2 d4 0-1

[Event "Elitserien(Sollentuna-SodraSASS)"]
[Site "?"]
[Date "2005.??.??"]
[Round "6"]
[White "Welin, Thomas"]
[Black "Lindberg, Bosse"]
[Result "0-1"]
[WhiteElo "2380"]
[BlackElo "2481"]
[PlyCount "48"]

1. c4 g6 2. e4 c5 3. Nf3 Nc6 4. d4 Bg7 5. d5 Nd4 6. Nxd4 cxd4 7. Bd3 d6 8. O-O
e6 9. Nd2 Ne7 10. b4 a5 11. bxa5 Qxa5 12. Nb3 Qb6 13. a4 O-O 14. a5 Qc7 15. Bb2
Bd7 16. Qd2 b6 17. Ba3 Rfb8 18. axb6 Qxb6 19. Rfb1 Qc7 20. c5 dxc5 21. d6 Qc8
22. Nxc5 Rxb1+ 23. Rxb1 Rxa3 24. dxe7 Be8 0-1

[Event "Elitserien(Sollentuna-SodraSASS)"]
[Site "?"]
[Date "2005.??.??"]
[Round "6"]
[White "Winge, Stefan"]
[Black "Bergstrom, Peter"]
[Result "1/2-1/2"]
[WhiteElo "2273"]
[BlackElo "2364"]
[PlyCount "82"]

1. e4 c6 2. d4 d5 3. e5 Bf5 4. Nf3 e6 5. Be2 Nd7 6. O-O c5 7. c4 Ne7 8. Nc3
dxc4 9. d5 Nxd5 10. Nxd5 exd5 11. Qxd5 Qc7 12. Bxc4 Nb6 13. Bb5+ Bd7 14. Bxd7+
Qxd7 15. Qe4 Qd5 16. Qg4 Qe6 17. Qg3 Qg6 18. Bg5 h6 19. Qh4 Qe6 20. Rfc1 Rc8
21. a4 Be7 22. a5 Nd5 23. Rd1 O-O 24. Bxe7 Nxe7 25. Rd6 Nf5 26. Rxe6 Nxh4 27.
Re7 Nxf3+ 28. gxf3 Rb8 29. Rd1 Rfe8 30. Rdd7 Rxe7 31. Rxe7 a6 32. Rc7 b6 33. f4
g6 34. Kg2 bxa5 35. Rxc5 Rxb2 36. Rxa5 Rb6 37. Kg3 Kf8 38. Kg4 Ke7 39. f5 Rb5
40. Rxa6 Rxe5 41. fxg6 Rg5+ 1/2-1/2

[Event "Elitserien(Sollentuna-SodraSASS)"]
[Site "?"]
[Date "2005.??.??"]
[Round "6"]
[White "Eriksson, Jonas"]
[Black "Sjodin, Bengt"]
[Result "1-0"]
[WhiteElo "2390"]
[BlackElo "2188"]
[PlyCount "79"]

1. d4 e6 2. Nf3 b6 3. c4 Bb7 4. e3 Bb4+ 5. Bd2 Qe7 6. Bd3 f5 7. a3 Bxd2+ 8.
Nbxd2 Nf6 9. Qc2 c5 10. O-O O-O 11. e4 fxe4 12. Nxe4 cxd4 13. Nxd4 Nc6 14. Nf3
Rac8 15. Rfe1 Ng4 16. Neg5 g6 17. Re4 Nce5 18. Rae1 Bxe4 19. Rxe4 d5 20. Rxg4
Nxg4 21. Bxg6 Rxc4 22. Bxh7+ Kh8 23. Qd2 Rfc8 24. g3 Nf6 25. Ne5 Rc1+ 26. Kg2
Kg7 27. Bd3 Ne4 28. Bxe4 dxe4 29. Qd4 Kg8 30. Nxe4 Re1 31. Ng4 Rd8 32. Nef6+
Kf7 33. Qf4 Qb7+ 34. Kh3 Ke7 35. Qg5 Rh8+ 36. Nh5+ Kd6 37. Qd2+ Ke7 38. Qg5+
Kd6 39. Qf4+ Kc5 40. Qg5+ 1-0

[Event "Elitserien(Rockaden-Passanten)"]
[Site "?"]
[Date "2005.??.??"]
[Round "7"]
[White "Sandstrom, Ludvig"]
[Black "Karlsson, Lars"]
[Result "0-1"]
[WhiteElo "2380"]
[BlackElo "2550"]
[PlyCount "56"]

1. Nf3 b6 2. d4 Bb7 3. c4 e6 4. a3 f5 5. Nc3 Nf6 6. d5 Bd6 7. g3 Na6 8. b4 c6
9. dxe6 dxe6 10. Bg2 Qe7 11. Bb2 O-O 12. O-O c5 13. b5 Nb8 14. Qc2 Nbd7 15. a4
Ne5 16. Nd1 Nfg4 17. Ra3 Ng6 18. a5 e5 19. Qc1 e4 20. a6 Bc8 21. Nd2 Be6 22. f3
Nxh2 23. Kxh2 Bxg3+ 24. Kg1 Qh4 25. Rf2 Qh2+ 26. Kf1 Nf4 27. Qc3 Rf6 28. Qe3
Rh6 0-1

[Event "Elitserien(Rockaden-Passanten)"]
[Site "?"]
[Date "2005.??.??"]
[Round "7"]
[White "Wessman, Richard"]
[Black "Sanden, Stefan"]
[Result "1-0"]
[WhiteElo "2500"]
[BlackElo "2324"]
[PlyCount "39"]

1. d4 Nf6 2. c4 g6 3. g3 c5 4. Nf3 Bg7 5. Bg2 O-O 6. O-O cxd4 7. Nxd4 Nc6 8.
Nc3 d6 9. Nxc6 bxc6 10. Bxc6 Rb8 11. Bg2 Qa5 12. Nb5 Ng4 13. Bd2 Qa6 14. Bg5 f6
15. Bf4 Kh8 16. b3 f5 17. a4 Bxa1 18. Qxa1+ Nf6 19. c5 Rxb5 20. axb5 1-0

[Event "Elitserien(Rockaden-Passanten)"]
[Site "?"]
[Date "2005.??.??"]
[Round "7"]
[White "Danielsson, Robert"]
[Black "Vilchez, Victor"]
[Result "0-1"]
[WhiteElo "2002"]
[BlackElo "2366"]
[PlyCount "64"]

1. d4 c5 2. d5 g6 3. Nc3 d6 4. e4 Bg7 5. Be2 Nf6 6. Nf3 O-O 7. O-O a6 8. a4 e6
9. Nd2 exd5 10. exd5 Nbd7 11. Nc4 Nb6 12. Ne3 Nbd7 13. Nc4 Nb6 14. Ne3 Qc7 15.
f4 Re8 16. f5 Nbd7 17. fxg6 hxg6 18. Nc4 Ne5 19. Nxe5 Rxe5 20. Bf4 Re8 21. Qd3
Bf5 22. Qg3 Bxc2 23. Bxd6 Qb6 24. Bf4 Qxb2 25. d6 Nh5 26. Bxh5 Qxc3 27. Qxc3
Bxc3 28. Ra2 Bd4+ 29. Kh1 Bd3 30. d7 Bxf1 31. dxe8=Q+ Rxe8 32. Bf3 Bc4 0-1

[Event "Elitserien(Rockaden-Passanten)"]
[Site "?"]
[Date "2005.??.??"]
[Round "7"]
[White "Engqvist, Thomas"]
[Black "Ericsson, Tor"]
[Result "1-0"]
[WhiteElo "2424"]
[BlackElo "1935"]
[PlyCount "127"]

1. d4 d5 2. c4 e6 3. Nc3 Nf6 4. Bg5 Be7 5. e3 O-O 6. Nf3 Nbd7 7. Rc1 a6 8. cxd5
exd5 9. Bd3 c6 10. Qc2 Re8 11. O-O Ne4 12. Bxe4 Bxg5 13. Bxh7+ Kh8 14. Bd3 g6
15. Nxg5 Qxg5 16. f4 Qh6 17. Rf3 Nf6 18. h3 Kg7 19. g4 Bxg4 20. hxg4 Nxg4 21.
Bf1 Nxe3 22. Qh2 Qxh2+ 23. Kxh2 Nf5 24. Rd1 Rh8+ 25. Bh3 Rae8 26. Kg1 Kf6 27.
Kf2 Rh4 28. Ne2 Re7 29. Ng1 Re4 30. Ne2 Re6 31. Rfd3 Rh8 32. Rh1 Rhe8 33. Bg4
Rd8 34. Bxf5 Kxf5 35. Re3 Rxe3 36. Kxe3 Re8+ 37. Kf3 Kf6 38. Ng3 Re7 39. Rh8
Kg7 40. Rb8 Kf6 41. Ne2 Kf5 42. Nc3 f6 43. Nd1 Ke6 44. Ne3 Rh7 45. Kg4 f5+ 46.
Kg3 Kf6 47. Ng2 Re7 48. Nh4 g5 49. fxg5+ Kxg5 50. Rg8+ Kf6 51. Rf8+ Kg7 52.
Rxf5 Re2 53. Rf2 Re3+ 54. Kf4 Re1 55. Kg5 Rg1+ 56. Rg2 Rf1 57. Nf5+ Kf7 58.
Nd6+ Ke7 59. Nxb7 Rd1 60. Re2+ Kd7 61. Nc5+ Kc8 62. Kf6 a5 63. Re8+ Kc7 64.
Re7+ 1-0

[Event "Elitserien(Farsta-Sollentuna)"]
[Site "?"]
[Date "2005.??.??"]
[Round "7"]
[White "Ong, Kezli"]
[Black "Carlsson, Pontus"]
[Result "1/2-1/2"]
[WhiteElo "2478"]
[BlackElo "2550"]
[PlyCount "46"]

1. e4 c5 2. Nf3 d6 3. d4 cxd4 4. Nxd4 Nf6 5. Nc3 g6 6. Be3 Bg7 7. f3 O-O 8. Qd2
Nc6 9. O-O-O d5 10. exd5 Nxd5 11. Nxc6 bxc6 12. Bd4 e5 13. Bc5 Be6 14. Ne4 Re8
15. Bc4 Qc7 16. g4 Red8 17. Qf2 Nf4 18. Bxe6 Nxe6 19. Kb1 Rd5 20. c4 Rxd1+ 21.
Rxd1 f5 22. gxf5 gxf5 23. Bd6 Qf7 1/2-1/2

[Event "Elitserien(Farsta-Sollentuna)"]
[Site "?"]
[Date "2005.??.??"]
[Round "7"]
[White "Lindberg, Bosse"]
[Black "Svensk, Ingemar"]
[Result "1/2-1/2"]
[WhiteElo "2481"]
[BlackElo "2292"]
[PlyCount "165"]

1. d4 e6 2. Nf3 d5 3. c4 Nf6 4. Nc3 c5 5. cxd5 Nxd5 6. e4 Nxc3 7. bxc3 cxd4 8.
cxd4 Bb4+ 9. Bd2 Bxd2+ 10. Qxd2 O-O 11. Rc1 b6 12. Bd3 Bb7 13. O-O Nd7 14. Qf4
Nf6 15. Rfd1 h6 16. Bb1 Rc8 17. h4 Qe7 18. g4 Rfd8 19. g5 hxg5 20. Nxg5 Rxc1
21. Qxc1 e5 22. dxe5 Rxd1+ 23. Qxd1 Qxe5 24. Qd8+ Qe8 25. Qd4 Qd7 26. Qxd7 Nxd7
27. a3 Nc5 28. f3 Ne6 29. Kf2 Kf8 30. Ke3 Nxg5 31. hxg5 Ke7 32. Kd4 f6 33. g6
Kd6 34. Bd3 Bc6 35. f4 a5 36. Bc4 Be8 37. e5+ fxe5+ 38. fxe5+ Ke7 39. Kd5 Bxg6
40. Kc6 Bc2 41. Kxb6 a4 42. Kc5 Bb3 43. Bf1 Ke6 44. Kd4 Ke7 45. Ke4 Bc2+ 46.
Kf4 Ke6 47. Bh3+ Ke7 48. Kg5 Bd3 49. Bc8 Bc2 50. Bg4 Kd8 51. Kf4 Ke7 52. Be2
Ke6 53. Bc4+ Ke7 54. Bd5 Kd7 55. Bc4 Ke7 56. Ke3 g5 57. Be2 Ke6 58. Kd4 Ke7 59.
Bg4 Bb3 60. Bf5 Bd1 61. Ke3 Bb3 62. Kf3 Bd1+ 63. Kg3 Kf7 64. Kf2 Ke7 65. Ke3
Bb3 66. Kd4 Bd1 67. Bd3 Kd7 68. Ke4 g4 69. Kf4 Ke6 70. Bc4+ Ke7 71. Bb5 Kf7 72.
Bc6 Ke7 73. Bb5 Kd8 74. Kg5 Ke7 75. Kf5 Bf3 76. Kf4 Bd1 77. Bc6 Ke6 78. Be8 Kd5
79. Bf7+ Kd4 80. Be6 g3 81. Bh3 Bb3 82. Kf5 Kc3 83. Kf4 1/2-1/2

[Event "Elitserien(Farsta-Sollentuna)"]
[Site "?"]
[Date "2005.??.??"]
[Round "7"]
[White "Jaderberg, Bjorn"]
[Black "Couso, Luis"]
[Result "1/2-1/2"]
[WhiteElo "2291"]
[BlackElo "2447"]
[PlyCount "50"]

1. c4 Nf6 2. Nc3 e6 3. e4 c5 4. Nf3 b6 5. Bd3 Bb7 6. O-O Nc6 7. Re1 Qb8 8. Bf1
Be7 9. d3 Ng4 10. g3 h5 11. Bf4 Nce5 12. Bg2 f6 13. Nxe5 fxe5 14. Bd2 Qd6 15.
Qe2 O-O 16. Rf1 Rae8 17. Rad1 g6 18. h3 Nf6 19. f4 Nh7 20. Nb5 Qb8 21. fxe5
Qxe5 22. Bf4 Qg7 23. Kh2 e5 24. Be3 Rxf1 25. Rxf1 a6 1/2-1/2

[Event "Elitserien(Farsta-Sollentuna)"]
[Site "?"]
[Date "2005.??.??"]
[Round "7"]
[White "Eriksson, Johan"]
[Black "Lindemann, Sven"]
[Result "1-0"]
[WhiteElo "2444"]
[BlackElo "2215"]
[PlyCount "77"]

1. e4 e5 2. Nf3 Nc6 3. Bb5 a6 4. Ba4 Nf6 5. O-O Be7 6. Re1 b5 7. Bb3 O-O 8. a4
Bb7 9. d3 d6 10. c3 Na5 11. Bc2 c5 12. Nbd2 Nc6 13. Nf1 b4 14. Ng3 Bc8 15. h3
Rb8 16. d4 bxc3 17. bxc3 cxd4 18. cxd4 Qc7 19. Be3 Nb4 20. Bb3 Rb7 21. Rc1 Qb8
22. Re2 Bd7 23. Rd2 a5 24. dxe5 dxe5 25. Nh4 Na6 26. Bc4 Rc8 27. Nhf5 Ba3 28.
Rdc2 Rxc4 29. Rxc4 Bxc1 30. Rc8+ Qxc8 31. Ne7+ Kf8 32. Nxc8 Ba3 33. Nb6 Nb8 34.
Nc4 Bb4 35. Nxe5 Be8 36. Nf5 Nbd7 37. Nc6 Rc7 38. Nxb4 axb4 39. Qd6+ 1-0

[Event "Elitserien(Farsta-Sollentuna)"]
[Site "?"]
[Date "2005.??.??"]
[Round "7"]
[White "Lamm, Steffen"]
[Black "Eriksson, Jonas"]
[Result "0-1"]
[WhiteElo "2213"]
[BlackElo "2390"]
[PlyCount "58"]

1. e4 c6 2. Nf3 d5 3. Nc3 Bg4 4. h3 Bxf3 5. Qxf3 e6 6. g3 d4 7. Nb1 Nd7 8. Bg2
Ngf6 9. O-O g5 10. d3 Rg8 11. Qe2 g4 12. h4 Ne5 13. c3 dxc3 14. Rd1 Nf3+ 15.
Bxf3 gxf3 16. Qc2 Bc5 17. Bg5 Rxg5 18. hxg5 Ng4 19. d4 Qxg5 20. Qxc3 O-O-O 21.
Qxf3 Bxd4 22. Rxd4 Rxd4 23. Na3 Ne5 24. Qc3 Rd3 25. Qc1 Qh5 26. Nc4 Nf3+ 27.
Kg2 Qh2+ 28. Kf1 Nd4 29. Nd6+ Kb8 0-1

[Event "Elitserien(Farsta-Sollentuna)"]
[Site "?"]
[Date "2005.??.??"]
[Round "7"]
[White "Bergstrom, Peter"]
[Black "Delveborn, Ingemar"]
[Result "1-0"]
[WhiteElo "2364"]
[BlackElo "2129"]
[PlyCount "79"]

1. e4 d5 2. exd5 Qxd5 3. Nc3 Qa5 4. Bc4 Nf6 5. d3 c6 6. Bd2 Nbd7 7. Nge2 e6 8.
Ng3 Qe5+ 9. Nge4 Nxe4 10. Nxe4 Nb6 11. Bb3 Bd7 12. O-O O-O-O 13. Qf3 f6 14. a4
Be7 15. a5 Nd5 16. c4 Nb4 17. Bc3 Qc7 18. Bxb4 Bxb4 19. c5 Rdf8 20. Ra4 Bxa5
21. Rfa1 b6 22. Nd6+ Kd8 23. Nc4 Ke7 24. Nxa5 bxa5 25. Rxa5 Ra8 26. Bc4 Rhb8
27. b3 Rb7 28. Qh5 h6 29. R5a2 Qf4 30. Re2 Qg5 31. Qf3 Qxc5 32. Qg4 Kf8 33.
Rae1 e5 34. Qg6 Be8 35. Qh7 Bh5 36. Qg8+ Ke7 37. Qxa8 Rd7 38. Re3 Rd4 39. Qb7+
Kd8 40. Qxg7 1-0

[Event "Elitserien(SodraSASS-Wasa)"]
[Site "?"]
[Date "2005.??.??"]
[Round "7"]
[White "Lyrberg, Patrik"]
[Black "Akesson, Ralf"]
[Result "1/2-1/2"]
[WhiteElo "2573"]
[BlackElo "2540"]
[PlyCount "64"]

1. d4 d5 2. c4 e6 3. Nc3 Be7 4. Nf3 Nf6 5. Bg5 O-O 6. e3 h6 7. Bh4 b6 8. Rc1
Bb7 9. Bd3 dxc4 10. Bxc4 Nbd7 11. O-O Ne4 12. Bxe7 Qxe7 13. Nxe4 Bxe4 14. Bb5
Nb8 15. Rc3 Rc8 16. Qe2 a6 17. Ba4 Qb4 18. Bb3 Nd7 19. Rfc1 c5 20. a3 Qa5 21.
dxc5 Rxc5 22. Nd4 Rxc3 23. Rxc3 Qe5 24. f3 Bb7 25. Bc2 Nf6 26. Qd2 Rd8 27. Rd3
Rc8 28. Ne2 g5 29. Rd8+ Kg7 30. Rxc8 Bxc8 31. Qc3 Qxc3 32. Nxc3 Kf8 1/2-1/2

[Event "Elitserien(SodraSASS-Wasa)"]
[Site "?"]
[Date "2005.??.??"]
[Round "7"]
[White "Ornstein, Axel"]
[Black "Webb, Simon"]
[Result "1/2-1/2"]
[WhiteElo "2441"]
[BlackElo "2391"]
[PlyCount "103"]

1. e4 c6 2. d4 d5 3. exd5 cxd5 4. Bd3 Nc6 5. c3 Nf6 6. Bf4 Bg4 7. Qb3 Qd7 8.
Nd2 e6 9. Ngf3 Bxf3 10. Nxf3 a6 11. O-O Be7 12. Rae1 O-O 13. Qd1 Ne8 14. Ng5 g6
15. Re3 Ng7 16. Rfe1 Rae8 17. Qg4 Bd6 18. h4 Bxf4 19. Qxf4 f6 20. Nf3 e5 21.
dxe5 fxe5 22. Qa4 e4 23. Bxe4 dxe4 24. Rxe4 Rxe4 25. Rxe4 Re8 26. Qb3+ Qf7 27.
Rxe8+ Nxe8 28. Qb6 h6 29. b3 Nf6 30. Qe3 Kg7 31. c4 Qe7 32. Qc3 Qe2 33. a4 Kf7
34. Qc1 a5 35. c5 Ne5 36. Nd4 Qxf2+ 37. Kxf2 Nd3+ 38. Ke3 Nxc1 39. Kd2 Na2 40.
c6 Ne4+ 41. Ke3 Nd6 42. Kf4 Nb4 43. Nb5 Ke6 44. Nxd6 Kxd6 45. cxb7 Nc6 46. g4
Kc7 47. h5 gxh5 48. gxh5 Nd4 49. Ke5 Ne2 50. Kf5 Kxb7 51. Kg6 Kc6 52. Kxh6
1/2-1/2